| 000 | 00874nab a2200205 i 4500 | ||
|---|---|---|---|
| 001 | 768714001 | ||
| 003 | CO-MdFUSB | ||
| 005 | 20230601104342.0 | ||
| 008 | 230601t1989 us ||||| |||| 00| 0 eng d | ||
| 040 |
_bspa _aCO-MdFUSB _cCO-MdFUSB _dCO-MdFUSB |
||
| 041 | _aeng | ||
| 100 |
_aPeterson, Eugene H. _eautor |
||
| 245 | 4 |
_aThe subversive pastor _c/ Eugene H. Peterson |
|
| 300 |
_aVolumen 10, número 2 (Spring 1989), páginas 48 - 53 _c; 27 cm |
||
| 520 | _aNuestra misión, socavar para socavar el reino del yo y establecer el reino de Dios es una operación encubierta. La oración y la parábola son las herramientas del pastor subversivo. | ||
| 546 | _aTexto en Inglés | ||
| 650 | 7 |
_9227 _aTeología pastoral |
|
| 773 | 0 |
_068780 _981989 _oR2476 _tLeadership : _w(CO-MdFUSB)768714001 _gVolumen 10, número 2 (Spring 1989), páginas 48 - 53 _qpágina 48 |
|
| 942 | _cANA | ||
| 999 |
_c68924 _d68924 |
||